000 00699nam a22002297a 4500
003 AM-YeHGA
040 _aAM-YeHGA
090 _c419929
005 20250617154702.0
008 181128s2017 enk||||| |||| 00| 0 eng d
020 _a9781107178724(hbk)
020 _a978-1-316-63102-7(pbk)
041 0 _aeng
100 1 _aDufresne, Todd
245 1 0 _aThe late Sigmund Freud :
_bor, the last word on psychoanalysis, society, and all the riddles of life /
_cTodd Dufresne .
260 _aCambridge :
_bCambridge University Press,
_c2017.
300 _axxii, 274 p.
600 _aFreud, Sigmund,
_d1856-1939
650 1 4 _aPsychoanalysis
650 1 4 _aCivilization, Modern
942 _2udc
_cBK
999 _c417553
_d417553